Mastering : (Record no. 134886)

MARC details
000 -LEADER
fixed length control field 00790nam a22002537a 4500
003 - CONTROL NUMBER IDENTIFIER
control field dpl
005 - DATE AND TIME OF LATEST TRANSACTION
control field 20180823154351.0
008 - FIXED-LENGTH DATA ELEMENTS--GENERAL INFORMATION
fixed length control field 180823b xxu||||| |||| 00| 0 eng d
010 ## - LIBRARY OF CONGRESS CONTROL NUMBER
LC control number B-094118
020 ## - INTERNATIONAL STANDARD BOOK NUMBER
Terms of availability 450.00
International Standard Book Number 8176567434
035 ## - SYSTEM CONTROL NUMBER
System control number B-094118, B-094127
037 ## - SOURCE OF ACQUISITION
Source of stock number/acquisition Cen Lib/Ret
040 ## - CATALOGING SOURCE
Original cataloging agency DPL
Language of cataloging EN
Transcribing agency 0
082 ## - DEWEY DECIMAL CLASSIFICATION NUMBER
Classification number 005.3
Item number MAS
245 ## - TITLE STATEMENT
Title Mastering :
Statement of responsibility, etc by Matt Riggsby...[et al]
Remainder of title lotus notes and domino 6 /
260 ## - PUBLICATION, DISTRIBUTION, ETC. (IMPRINT)
Place of publication, distribution, etc New Delhi
Name of publisher, distributor, etc BPB Publications
Date of publication, distribution, etc 2003
270 ## - ADDRESS
City New Delhi
Address B-14, connaught place
Postal code 110001
300 ## - PHYSICAL DESCRIPTION
Extent xxvi, 772p.
Dimensions 23cm(pbk)
500 ## - GENERAL NOTE
General note Includes appendix and index
650 ## - SUBJECT ADDED ENTRY--TOPICAL TERM
Topical term or geographic name as entry element Computer science
9 (RLIN) 74074
650 ## - SUBJECT ADDED ENTRY--TOPICAL TERM
Topical term or geographic name as entry element Application software
9 (RLIN) 21457
700 ## - ADDED ENTRY--PERSONAL NAME
Personal name Riggsby, Matt
9 (RLIN) 74075
942 ## - ADDED ENTRY ELEMENTS (KOHA)
Source of classification or shelving scheme Dewey Decimal Classification
Koha item type English Books
Classification part 005.3
Call number suffix MAS
Holdings
Withdrawn status Lost status Damaged status Not for loan Home library Current library Date acquired Source of acquisition Cost, normal purchase price Total Checkouts Full call number Barcode Date last seen Copy number Cost, replacement price Price effective from Koha item type Source of classification or shelving scheme Collection code
        Central Library Central Library 31/07/2015 Cen Lib/Ret 450.00   005.3 MAS B-094118 31/07/2015 1 450.00 15/09/2016 English Books    
        Shahdara Branch Shahdara Branch 23/08/2018 BPPD/PUB 450.00   005.3 MAS B-094127 23/08/2018   450.00 23/08/2018 English Books Dewey Decimal Classification Non-fiction

© Delhi Public Library
Hit Counter
free hit counter